000 00988nac a22003137a 4500
001 BR0805327
003 BR-BrBNA
005 20240105123640.0
008 230509b bl.|||m| |||| 00| 0 por d
040 _aBR-BrBNA
_bpor
_cBiblioteca Nacional de Agricultura
072 _aE16
090 _a1160 BR0805327
100 1 _aCavalcanti Júnior, A.T.
100 1 _aSantos, F.J. de S.
100 1 _aCrisóstomo, L.A.
100 1 _aPessoa, P.F.A. de P.
110 1 _aEMBRAPA Agroindústria Tropical, Fortaleza, CE (Brasil)
_93541
245 1 _aCustos de formação e manutenção de jardins clonais de cajueiro anão pecoce
260 3 _aFortaleza, CE (Brasil):
_c2001.
300 _a4 p.
490 _aComunicado Técnico - EMBRAPA Agroindústria Tropical (Brazil)
_vno. 66
_xISSN 1679-6527
650 _aCAJU
650 _aCLONE
650 _aCUSTO
650 _aPOMAR
650 _aMANUTENÇÃO
909 _a202312
_bLúcia Elande
_c55
_dLúcia Elande
942 _2AGRIS
_n0
_cMS
999 _c296374
_d296374